Statistiques concernant Jeux vidéos par image

Cliquez ici pour prendre le quiz!

Statistiques générales

  • Ce quiz a été pris 2 479 fois
  • Le résultat moyen est 9 sur 9

Statistiques - réponses

Réponse% Correct
Fortnite
99%
GTA
99%
Call of Duty
97%
Minecraft
97%
Rocket League
97%
League of Legends
95%
PUBG
94%
Apex Legends
93%
F1
80%

Distribution des résultats

Percentile par nombre de réponses

% des personnes avec chaque résultat

Votre développement - résultats

Vous n’avez pas pris ce quiz